[Event "South America-ch 1st"]
[Site "Lima"]
[Date "2023.09.19"]
[Round "6"]
[White "Loayza Rivera, Bryan James"]
[Black "Munoz Aguilera, Edward Godfred"]
[Result "0-1"]
[WhiteElo "1046"]
[BlackElo "1238"]
[PlyCount "106"]
[EventDate "2023.09.14"]
[EventType "swiss"]
[EventRounds "9"]
[EventCountry "PER"]
[SourceTitle "EXT 2024"]
[Source "ChessBase"]
[SourceDate "2023.10.10"]
[SourceVersion "1"]
[SourceVersionDate "2023.10.10"]
[SourceQuality "1"]

1. c4 c6 2. d4 d5 3. e3 Nf6 4. Nc3 e6 5. Nf3 Bd6 6. Bd3 Nbd7 7. 0-0 0-0 8. Bd2 Re8 9. Re1 dxc4 10. Bxc4 e5 11. dxe5 Nxe5 12. Nxe5 Bxe5 13. Qc2 Qc7 14. f4 Bd6 15. Rad1 Bg4 16. Be2 Bxe2 17. Rxe2 Qb6 18. h3 Bxf4 19. Rde1 Bg5 20. Na4 Qc7 21. Nc3 Rad8 22. Rd1 b5 23. Nxb5 Qb6 24. Nc3 Bxe3+ 25. Bxe3 Rxd1+ 26. Qxd1 Rxe3 27. Rxe3 Qxe3+ 28. Kh1 g6 29. Qd8+ Kg7 30. Qd1 Ne4 31. Nxe4 Qxe4 32. Qb3 c5 33. Qa3 Qe1+ 34. Kh2 c4 35. Qc5 Qe4 36. b3 Qf4+ 37. g3 Qd2+ 38. Kg1 Qe1+ 39. Kh2 Qd2+ 40. Kg1 c3 41. Qe5+ Kh6 42. Qa5 Qe3+ 43. Kg2 c2 44. Qa3 Qe2+ 45. Kh1 Qd1+ 46. Kh2 Qd2+ 47. Kh1 c1Q+ 48. Qxc1 Qxc1+ 49. Kg2 Kg5 50. h4+ Kg4 51. a4 Qd2+ 52. Kg1 Kxg3 53. Kh1 Qe1# 0-1

[Event "PER-ch"]
[Site "Lima"]
[Date "2023.09.02"]
[Round "7"]
[White "Paiva Benites, Felix Paul"]
[Black "Loayza Rivera, Bryan James"]
[Result "1-0"]
[WhiteElo "1504"]
[BlackElo "1046"]
[PlyCount "135"]
[EventDate "2023.08.29"]
[EventType "swiss"]
[EventRounds "9"]
[EventCountry "PER"]
[SourceTitle "EXT 2024"]
[Source "ChessBase"]
[SourceDate "2023.10.10"]
[SourceVersion "1"]
[SourceVersionDate "2023.10.10"]
[SourceQuality "1"]

1. e4 e6 2. d3 d5 3. Nd2 dxe4 4. dxe4 Bd6 5. Ngf3 Nd7 6. g3 b6 7. Bg2 Bb7 8. 0-0 Ngf6 9. Re1 e5 10. c3 0-0 11. h4 Re8 12. Ng5 h6 13. Nh3 Bf8 14. g4 Nh7 15. Nf3 g6 16. g5 h5 17. Qc2 Bg7 18. Bd2 Nhf8 19. Rad1 c5 20. Bc1 Qc7 21. Bf1 a6 22. Bc4 b5 23. Bd5 Bxd5 24. exd5 Nb6 25. Kg2 Nfd7 26. b3 Nc8 27. c4 b4 28. Nd2 Nd6 29. Ne4 Nxe4 30. Qxe4 Qd6 31. f3 Re7 32. f4 Rae8 33. f5 gxf5 34. Qxf5 Qg6 35. Rf1 Qxf5 36. Rxf5 a5 37. Rdf1 Nb6 38. Be3 Rc8 39. Nf2 e4 40. Rf4 Nd7 41. Nh1 f6 42. Ng3 fxg5 43. hxg5 Ne5 44. Nxh5 Nf3 45. Nf6+ Bxf6 46. gxf6 Rf7 47. Rh1 Ng5 48. Rg4 Rxf6 49. Rxg5+ Kf7 50. Rh7+ Ke8 51. Rg8+ Rf8 52. Rxf8+ Kxf8 53. Rh8+ Ke7 54. Rxc8 a4 55. Bxc5+ Kf7 56. Rf8+ Kg7 57. Rf4 a3 58. Bd4+ Kh7 59. Rg4 e3 60. Kf3 e2 61. Kxe2 Kh6 62. Kf3 Kh5 63. Kf4 Kh6 64. Kf5 Kh5 65. d6 Kh6 66. d7 Kh5 67. d8Q Kh6 68. Qh8# 1-0

[Event "PER-ch"]
[Site "Lima"]
[Date "2023.08.31"]
[Round "4"]
[White "Puma Lezama, Freddy Gabriel"]
[Black "Loayza Rivera, Bryan James"]
[Result "1/2-1/2"]
[WhiteElo "1027"]
[BlackElo "1046"]
[PlyCount "57"]
[EventDate "2023.08.29"]
[EventType "swiss"]
[EventRounds "9"]
[EventCountry "PER"]
[SourceTitle "EXT 2024"]
[Source "ChessBase"]
[SourceDate "2023.10.10"]
[SourceVersion "1"]
[SourceVersionDate "2023.10.10"]
[SourceQuality "1"]

1. e4 e5 2. Nf3 Nc6 3. Nc3 Bc5 4. Bc4 d6 5. d3 h6 6. h3 Nf6 7. 0-0 0-0 8. Qe2 Nd4 9. Nxd4 Bxd4 10. Nd1 c6 11. c3 Bb6 12. a3 Re8 13. b4 d5 14. exd5 cxd5 15. Bb3 e4 16. d4 Be6 17. Be3 Rc8 18. a4 a6 19. f3 exf3 20. Rxf3 Ne4 21. Rc1 Bc7 22. Qe1 Bb8 23. Nf2 Nxf2 24. Qxf2 Bd6 25. Bf4 Bxf4 26. Rxf4 Re7 27. Qg3 Rec7 28. Rh4 Qg5 29. Qe1 1/2-1/2

[Event "PER-ch"]
[Site "Lima"]
[Date "2023.08.29"]
[Round "1"]
[White "Loayza Rivera, Bryan James"]
[Black "Tadeo Arontico, Jesus Raul"]
[Result "0-1"]
[WhiteElo "1046"]
[BlackElo "1316"]
[PlyCount "114"]
[EventDate "2023.08.29"]
[EventType "swiss"]
[EventRounds "9"]
[EventCountry "PER"]
[SourceTitle "EXT 2024"]
[Source "ChessBase"]
[SourceDate "2023.10.10"]
[SourceVersion "1"]
[SourceVersionDate "2023.10.10"]
[SourceQuality "1"]

1. d4 Nf6 2. c4 g6 3. Nf3 Bg7 4. g3 d6 5. Bg2 0-0 6. 0-0 Bf5 7. Nc3 Ne4 8. Nh4 Nxc3 9. bxc3 Bc8 10. Rb1 c6 11. e3 Qa5 12. Qb3 Nd7 13. Qa3 Qc7 14. Bb2 c5 15. Qb3 Nb6 16. a4 cxd4 17. cxd4 Qxc4 18. Qxc4 Nxc4 19. Bc3 Rb8 20. Rb4 d5 21. Bxd5 Nd6 22. Rfb1 g5 23. Nf3 Bf5 24. Rc1 e6 25. Ba2 Ne4 26. Be1 Rfc8 27. Rbc4 Rxc4 28. Rxc4 h6 29. Kg2 Nd6 30. Rc1 Be4 31. Bb3 g4 32. Bb4 Bxf3+ 33. Kg1 Bf8 34. Bc5 Rc8 35. Rc2 b6 36. Bb4 a5 37. Be1 Rxc2 38. Bxc2 f5 39. Bd2 Ne4 40. Bc1 Kf7 41. Kf1 Bb4 42. Kg1 h5 43. Bd3 Nd6 44. Bc2 Nc4 45. Bb3 Bd2 46. Bxc4 Bxc1 47. h4 gxh3 48. Bf1 Bg4 49. d5 exd5 50. e4 fxe4 51. f3 Be3+ 52. Kh2 exf3 53. Bxh3 Bxh3 54. g4 hxg4 55. Kh1 f2 56. Kh2 f1Q 57. Kg3 Qf2# 0-1